|
|
|
|
| LEADER |
00000nam0a2200000 4500 |
| 001 |
315798 |
| 005 |
20231102002819.0 |
| 020 |
|
|
|a RU
|b 82-29083ж
|
| 035 |
|
|
|a (RuTPU)RU\TPU\book\341235
|
| 090 |
|
|
|a 315798
|
| 100 |
|
|
|a 20160310a1981 k y0rusy5003 ca
|
| 101 |
0 |
|
|a rus
|
| 102 |
|
|
|a RU
|
| 105 |
|
|
|a a z 001zy
|
| 200 |
1 |
|
|a Модели управления предприятием
|e [сборник статей]
|f Научно-исследовательский институт управляющих машин и систем (НИИУМС) ; под ред. Е. Д. Курочкина
|
| 210 |
|
|
|a Пермь
|c Изд-во НИИУМС
|d 1981
|
| 215 |
|
|
|a 195 с.
|c ил.
|
| 225 |
1 |
|
|a Труды НИИ управляющих машин и систем
|v Вып. 27
|
| 320 |
|
|
|9 572
|a Библиогр. в конце ст.
|
| 606 |
1 |
|
|a Промышленные предприятия
|x Управление
|x Математические методы
|x Статистические методы
|2 stltpush
|3 (RuTPU)RU\TPU\subj\52701
|9 71104
|
| 610 |
1 |
|
|a АСУ
|
| 610 |
1 |
|
|a автоматизированные системы управления предприятиями
|
| 610 |
1 |
|
|a моделирование
|
| 610 |
1 |
|
|a модели
|
| 610 |
1 |
|
|a адекватность
|
| 610 |
1 |
|
|a адекватные модели
|
| 610 |
1 |
|
|a статистические модели
|
| 610 |
1 |
|
|a планирование
|
| 610 |
1 |
|
|a прогнозирование
|
| 610 |
1 |
|
|a оптимизация
|
| 610 |
1 |
|
|a пакеты прикладных программ
|
| 675 |
|
|
|a 658.012.122
|v 3
|
| 702 |
|
1 |
|a Курочкин
|b Е. Д.
|4 340
|
| 712 |
0 |
2 |
|a Научно-исследовательский институт управляющих машин и систем (НИИУМС)
|c (Пермь)
|2 stltpush
|3 (RuTPU)RU\TPU\col\17452
|
| 801 |
|
0 |
|a RU
|b RuMRKP
|c 19950704
|g psbo
|
| 801 |
|
1 |
|a RU
|b 63413507
|c 20160310
|
| 801 |
|
2 |
|a RU
|b 63413507
|c 20200717
|g RCR
|
| 942 |
|
|
|c BK
|